[Event "Fly like a Bird"]
[Site "SchemingMind.com"]
[Date "2013.11.13"]
[Round "-"]
[White "Ebanon "]
[Black "Iucounu"]
[Result "1-0"]
[WhiteCountry "ESP"]
[BlackCountry "ENG"]
[WhiteElo "2377"]
[WhiteRD "63"]
[BlackElo "1464"]
[BlackRD "57"]
[GameID "341621"]

1. f4 d5 2. Nf3 Nf6 3. g3 g6 4. Bg2 Bg7 5. O-O O-O 6. d3 c5 7. Nc3 d4 8. Na4 Nbd7 9. c4 Qc7 10. e3 Nb6
11. Nxb6 Qxb6 12. exd4 cxd4 13. Re1 Bg4 14. Rxe7 Rfe8 15. Rxe8+ Rxe8 16. Qc2 Nd7 17. Bd2 Nc5 18. b4 Ne6 19. Re1 Qc7 20. Ne5 Bxe5
21. Rxe5 Ng7 22. Rxe8+ Nxe8 23. h3 Bd7 24. Qb2 Bc6 25. Qxd4 Qd6 26. Qxd6 Nxd6 27. Bxc6 bxc6 28. a4 f5 29. b5
1-0

[Event "Fly like a Bird"]
[Site "SchemingMind.com"]
[Date "2013.11.10"]
[Round "-"]
[White "mochiron"]
[Black "Ebanon "]
[Result "0-1"]
[WhiteCountry "JPN"]
[BlackCountry "ESP"]
[WhiteElo "1377"]
[WhiteRD "76"]
[BlackElo "2388"]
[BlackRD "65"]
[GameID "341622"]

1. f4 d5 2. Nf3 g6 3. e3 Bg7 4. Be2 Nf6 5. O-O O-O 6. d4 c5 7. c3 Nc6 8. Bd2 c4 9. b3 b5 10. b4 Bf5
11. Na3 Qb8 12. Ng5 a5 13. bxa5 Rxa5 14. Nc2 Qb6 15. Nb4 Nxb4 16. cxb4 Ra3 17. Bc1 Ra4 18. Qd2 Rc8 19. Qc3 h6 20. a3 hxg5
21. Bd2 Ne4 22. Qc2 Ng3 23. hxg3 Bxc2 24. Ra2 Bb3 25. Rb2 Bxd4 26. Rxb3 cxb3 27. exd4 Qxd4+ 28. Kh2 Qxd2 29. Bxb5 Rc2 30. Kh3 Qxg2+
31. Kg4 f5+ 32. Kxg5 Qxg3+ 33. Kh6 Rh2#
0-1

[Event "Fly like a Bird"]
[Site "SchemingMind.com"]
[Date "2013.11.09"]
[Round "-"]
[White "Shanks"]
[Black "Ebanon "]
[Result "0-1"]
[WhiteCountry "ENG"]
[BlackCountry "ESP"]
[WhiteElo "1403"]
[WhiteRD "68"]
[BlackElo "2405"]
[BlackRD "62"]
[GameID "341623"]

1. f4 d5 2. d4 Nf6 3. g3 c5 4. c3 Bf5 5. Nf3 e6 6. Nbd2 Nc6 7. dxc5 Bxc5 8. Nb3 Qb6 9. Nxc5 Qxc5 10. Bg2 O-O
11. Bd2 Ng4 12. e3 Nxe3 13. Bxe3 Qxe3+ 14. Qe2 Qb6 15. Nd4 Nxd4 16. cxd4 Rac8 17. O-O Rc2 18. Qd1 Qxb2 19. Kh1 Rxg2 20. Qf3 Rxh2+
21. Kg1 Be4
0-1

[Event "Fly like a Bird"]
[Site "SchemingMind.com"]
[Date "2013.11.09"]
[Round "-"]
[White "private napoleon"]
[Black "Ebanon "]
[Result "0-1"]
[WhiteCountry "ENG"]
[BlackCountry "ESP"]
[WhiteElo "1722"]
[WhiteRD "70"]
[BlackElo "2405"]
[BlackRD "62"]
[GameID "341624"]

1. f4 d5 2. Nf3 g6 3. d4 Bg7 4. b3 c5 5. c3 Nf6 6. dxc5 O-O 7. Bb2 Nc6 8. b4 Ne4 9. Qc2 e5 10. Nbd2 exf4
11. Nxe4 Bf5 12. Nd4 Bxe4 13. Qd2 Qh4+ 14. Kd1 Rfe8 15. a4 Ne5 16. Nf3 Bxf3 17. exf3 Nc4 18. Bxc4 dxc4 19. Kc2 Rad8 20. Qc1 Qf2+
21. Kb1 Rd2 22. Ka2 Ree2 23. Rb1 Rc2
0-1

[Event "Fly like a Bird"]
[Site "SchemingMind.com"]
[Date "2013.11.09"]
[Round "-"]
[White "kenneth m day"]
[Black "Ebanon "]
[Result "0-1"]
[WhiteCountry "USA"]
[BlackCountry "ESP"]
[WhiteElo "1785"]
[WhiteRD "53"]
[BlackElo "2405"]
[BlackRD "62"]
[GameID "341625"]

1. f4 d5 2. Nf3 g6 3. d4 Bg7 4. c3 Nf6 5. e3 O-O 6. Bd3 c5 7. Nbd2 b6 8. Ne5 a5 9. h3 Qc7 10. g4 Nc6
11. Qe2 Bb7 12. h4 Ne4 13. Nxe4 dxe4 14. Bxe4 Nxe5 15. Bxb7 Qxb7 16. Rh3 Nd7 17. Bd2 Nf6 18. O-O-O Qd5 19. Kb1 h5 20. gxh5 Qf5+
0-1

[Event "Fly like a Bird"]
[Site "SchemingMind.com"]
[Date "2013.11.10"]
[Round "-"]
[White "Michal Drus"]
[Black "Ebanon "]
[Result "0-1"]
[WhiteCountry "POL"]
[BlackCountry "ESP"]
[WhiteElo "1583"]
[WhiteRD "69"]
[BlackElo "2405"]
[BlackRD "62"]
[GameID "341626"]

1. f4 Nf6 2. Nc3 d5 3. e3 g6 4. h4 Bg7 5. d4 c5 6. Bb5+ Bd7 7. Bxd7+ Nbxd7 8. Nf3 O-O 9. Ne5 e6 10. Bd2 Rc8
11. Qe2 Nh5 12. Kf2 cxd4 13. exd4 Nxe5 14. dxe5 f6 15. g4 Nxf4 16. Bxf4 fxe5 17. h5 Rxf4+ 18. Kg3 e4 19. Kxf4 Rxc3 20. hxg6 Qf6#
0-1

[Event "Fly like a Bird"]
[Site "SchemingMind.com"]
[Date "2013.11.13"]
[Round "-"]
[White "Iucounu"]
[Black "Ebanon "]
[Result "0-1"]
[WhiteCountry "ENG"]
[BlackCountry "ESP"]
[WhiteElo "1464"]
[WhiteRD "57"]
[BlackElo "2377"]
[BlackRD "63"]
[GameID "341627"]

1. f4 Nf6 2. Nf3 g6 3. e3 Bg7 4. Be2 d5 5. O-O O-O 6. d3 c5 7. Qe1 Nc6 8. Nc3 d4 9. Nd1 Qc7 10. exd4 Nxd4
11. Nxd4 cxd4 12. c4 dxc3 13. Nxc3 Rd8 14. Be3 Ng4 15. Bxg4 Bxg4 16. d4 Qb6 17. Qf2 Bxd4 18. Bxd4 Rxd4 19. h3 Be6 20. b3 Rxf4
21. Na4 Rxf2 22. Nxb6 Rxf1+ 23. Kxf1 axb6 24. b4 Rxa2 25. Rxa2 Bxa2
0-1